Myth of administrative decentralisation in Bangladesh (Record no. 61580)

000 -LEADER
fixed length control field 01476pab a2200193 454500
008 - FIXED-LENGTH DATA ELEMENTS--GENERAL INFORMATION
fixed length control field 180718b2003 xxu||||| |||| 00| 0 eng d
100 ## - MAIN ENTRY--PERSONAL NAME
Personal name Khan, Mohammad Mohabbat
245 ## - TITLE STATEMENT
Title Myth of administrative decentralisation in Bangladesh
260 ## - PUBLICATION, DISTRIBUTION, ETC.
Date of publication, distribution, etc. 2003
300 ## - PHYSICAL DESCRIPTION
Extent p.723-738.
362 ## - DATES OF PUBLICATION AND/OR SEQUENTIAL DESIGNATION
Dates of publication and/or sequential designation Oct-Dec
520 ## - SUMMARY, ETC.
Summary, etc. Deliberation in the paper centres around deconcentration and delegation of administrative powers in Bangladesh. The focus is on the relationship between ministries and departments as well as between ministries and corporations. Though functions of ministries/divisions have been clearly spelled out essentially as policy formulation, planning, and evaluation of executed plans, these entities get involved in the designated responsibilities of departments/directorates and autonomous bodies/corporations. Bangladesh's experience with deconcentration and delegation is unsatisfactory. But this situation can be changed if political commitment is there in favour of transfer of power between and among public organisations. Also decentralisation policies of the government need to be supported by broader segments of the population. Attitudinal changes must take place among civil servants in terms of sharing power with each other. - Reproduced.
650 ## - SUBJECT ADDED ENTRY--TOPICAL TERM
Topical term or geographic name entry element Public administration - Bangladesh
650 ## - SUBJECT ADDED ENTRY--TOPICAL TERM
Topical term or geographic name entry element Decentralization - Bangladesh
650 ## - SUBJECT ADDED ENTRY--TOPICAL TERM
Topical term or geographic name entry element Decentralization
773 ## - HOST ITEM ENTRY
Main entry heading Indian Journal of Public Administration
908 ## - PUT COMMAND PARAMETER (RLIN)
Put command parameter N
909 ## -
-- 61580
Holdings
Withdrawn status Lost status Damaged status Not for loan Permanent Location Current Location Date acquired Serial Enumeration / chronology Barcode Date last seen Price effective from Koha item type
        Indian Institute of Public Administration Indian Institute of Public Administration 2018-07-19 Volume no: 49, Issue no: 4 AR62030 2018-07-19 2018-07-19 Articles

Powered by Koha